Σχήμα Χωρών Κουίζ #4 - Statistics

General Stats
  • This quiz has been taken 9 times
  • The average score is 4 of 16
Answer Stats
Picture Answer % Correct
Δανία
78%
Σενεγάλη
44%
Βενεζουέλα
33%
Σρι Λάνκα
33%
Μοζαμβίκη
33%
Μπενίν
33%
Λάος
33%
Μαλαισία
22%
Νεπάλ
22%
Καζακστάν
22%
Σουδάν
22%
Ταϊβάν
11%
Τρινιντάντ και Τομπάγκο
11%
Νικαράγουα
11%
Κόστα Ρίκα
11%
Βόρεια Κορέα
11%
No matching quizzes found
Score Distribution
Percent of People with Each Score
Percentile by Number Answered
Your Score History
You have not taken this quiz